|
|
|
|
| LEADER |
00000nam a22000007a 4500 |
| 005 |
20141114140038.0 |
| 007 |
cr|||| |||| |
| 008 |
141114s2014 mx |||||s|||| 00||0 spa d |
| 020 |
|
|
|a 9786074406702
|
| 035 |
|
|
|a 12517
|
| 040 |
|
|
|a vLex
|
| 090 |
|
|
|c 5287
|d 5287
|
| 100 |
1 |
|
|a Přez Chavez, Još
|
| 245 |
1 |
0 |
|a Contabilidad electrn̤ica y su envo̕ a travš de la pg̀ina del SAT
|h [Recurso electrn̤ico] /
|c Jos ̌Přez Chavez, Raymundo Fol Olguin
|
| 256 |
|
|
|a Servicio en ln̕ea
|
| 300 |
|
|
|a 1 recurso electrn̤ico
|
| 506 |
1 |
|
|a Contenido disponible en los productos indicados
|d vLex Global
|d vLex Global (Academic Edition, excluding Law Schools)
|d vLex Global (U.S. Academic Edition, Law Schools)
|d vLex Global (U.S. Academic Edition, excluding Law Schools)
|d vLex Global (Academic Edition, Law Schools)
|
| 650 |
0 |
4 |
|a Contabilidad electrn̤ica
|z Mx̌ico
|
| 700 |
1 |
|
|a Fol Olguin, Raymundo
|
| 710 |
1 |
|
|a Mx̌ico.
|b Servicio de Administracin̤ Tributaria
|
| 740 |
0 |
|
|a vLex Libros (Servicio en ln̕ea)
|
| 856 |
4 |
0 |
|u http://vlex.com/source/contabilidad-electronica-y-su-envio-a-traves-de-la-pagina-del-sat-12517
|z Acceso restringido
|
| 942 |
|
|
|c BOOK
|
| 999 |
0 |
|
|a Accounting
|